| 000 | 00529pab a2200193 454500 | ||
|---|---|---|---|
| 008 | 180718b2015 xxu||||| |||| 00| 0 eng d | ||
| 100 | _aParida, Jajati K. | ||
| 245 | _aRemittances, household expenditure and investment in rural India: evidence from NSS data | ||
| 260 | _c2015 | ||
| 300 | _ap.79-104. | ||
| 362 | _aJan-Jun | ||
| 650 | _aExpenditure | ||
| 650 | _aInvestment | ||
| 650 | _aHouseholds | ||
| 700 | _aRaman, K. Ravi | ||
| 700 | _aMohanty, Sanjay K. | ||
| 773 | _aIndian Economic Review | ||
| 909 | _a114292 | ||
| 999 |
_c114286 _d114286 |
||